[Event "Guelph Summer Pro-Am"]
[Site "Guelph CAN"]
[Date "2012.06.23"]
[Round "2"]
[White "Calugar, Arthur"]
[Black "Sambuev, Bator"]
[Result "1/2-1/2"]
[WhiteElo "2399"]
[BlackElo "2700"]
[PlyCount "134"]
[GameId "2160767909509082"]
[EventDate "2012.06.22"]
[EventType "swiss"]
[EventRounds "5"]
[EventCountry "CAN"]
[SourceTitle "EXT 2022"]
[Source "ChessBase"]
[SourceDate "2021.10.06"]
[SourceVersion "1"]
[SourceVersionDate "2021.10.06"]
[SourceQuality "1"]

1. b3 e5 2. Bb2 Nc6 3. e3 Nf6 4. Nf3 e4 5. Nd4 Bc5 6. d3 d5 7. Nxc6 bxc6 8. dxe4 O-O 9. exd5 Nxd5 10. Bd3 Qg5 11. Nd2 Nf4 12. Qf3 Nxd3+ 13. cxd3 Bb4 14. a3 Bxd2+ 15. Kxd2 Qb5 16. Rhc1 Bf5 17. e4 Be6 18. b4 f6 19. Rc5 Qa4 20. Qd1 Bb3 21. Qc1 a5 22. Qc3 Rf7 23. Rxc6 Rd8 24. Rxc7 axb4 25. axb4 Rxc7 26. Qxc7 Qxb4+ 27. Bc3 Qf8 28. Ra7 Bf7 29. Qe7 Qxe7 30. Rxe7 Bc4 31. d4 Bf1 32. g3 Bg2 33. d5 Kf8 34. Bb4 Re8 35. Rxe8+ Kxe8 36. Ke3 g5 37. f4 gxf4+ 38. Kxf4 h5 39. Ke3 Kf7 40. Kd4 Ke8 41. Ba5 Ke7 42. Bb6 Ke8 43. Ba5 Ke7 44. Bd2 Ke8 45. Ke3 Ke7 46. Kf4 Kf7 47. Bc3 Bh3 48. Kf3 Ke7 49. Bb2 Kf7 50. Kf4 Kg6 51. Bc3 Kf7 52. e5 fxe5+ 53. Kg5 Bg2 54. Kxh5 Bxd5 55. Bxe5 Bf3+ 56. Kg5 Be2 57. h4 Bd1 58. Bc3 Be2 59. Bb2 Bd1 60. Kh6 Be2 61. Kg5 Bd1 62. h5 Be2 63. g4 Bd1 64. Kf5 Bc2+ 65. Kg5 Bd1 66. Kh4 Be2 67. g5 Bd3 1/2-1/2

[Event "Guelph Summer Pro-Am"]
[Site "Guelph CAN"]
[Date "2012.06.23"]
[Round "2"]
[White "Itkin, David"]
[Black "Plotkin, Victor"]
[Result "0-1"]
[WhiteElo "2212"]
[BlackElo "2411"]
[PlyCount "118"]
[GameId "2160767909509083"]
[EventDate "2012.06.22"]
[EventType "swiss"]
[EventRounds "5"]
[EventCountry "CAN"]
[SourceTitle "EXT 2022"]
[Source "ChessBase"]
[SourceDate "2021.10.06"]
[SourceVersion "1"]
[SourceVersionDate "2021.10.06"]
[SourceQuality "1"]

1. e4 e5 2. Nf3 Nf6 3. d4 exd4 4. e5 Ne4 5. Qxd4 d5 6. exd6 Nxd6 7. Nc3 Nc6 8. Qf4 Be6 9. Be3 Nf5 10. Bb5 Bd6 11. Qe4 O-O 12. Bg5 Qe8 13. O-O-O a6 14. Bc4 Bxc4 15. Qxc4 Qe6 16. Nd5 Rfe8 17. Rhe1 Qg6 18. h4 h6 19. h5 Qxh5 20. g4 Qh3 21. gxf5 Qxf3 22. Rxe8+ Rxe8 23. Bxh6 gxh6 24. Nf6+ Kf8 25. Nh7+ Ke7 26. Qh4+ Kd7 27. Nf6+ Kc8 28. Nxe8 Bf4+ 29. Rd2 Bxd2+ 30. Kxd2 Qxf5 31. Nf6 Ne5 32. Qxh6 Qxf2+ 33. Kd1 Qg1+ 34. Kd2 Qg2+ 35. Kd1 b6 36. b3 Qg1+ 37. Ke2 Qg2+ 38. Kd1 Nf3 39. Kc1 Qg5+ 40. Qxg5 Nxg5 41. Kd2 Kd8 42. Ke3 Ke7 43. Nd5+ Kd6 44. c4 Ne6 45. Ke4 Kc5 46. Ke5 c6 47. Ne7 a5 48. Kf6 Nd4 49. Kxf7 Kb4 50. Kf6 Ka3 51. Ke5 c5 52. Nd5 Kxa2 53. Nxb6 Kxb3 54. Kd5 Kb4 55. Nd7 Nb3 56. Ne5 a4 57. Nd3+ Kc3 58. Nxc5 Nxc5 59. Kxc5 a3 0-1

[Event "Guelph Summer Pro-Am"]
[Site "Guelph CAN"]
[Date "2012.06.23"]
[Round "2"]
[White "Ivanov, Mike"]
[Black "Plotkin, Mark"]
[Result "1/2-1/2"]
[WhiteElo "2236"]
[BlackElo "2011"]
[PlyCount "58"]
[GameId "2160767909509084"]
[EventDate "2012.06.22"]
[EventType "swiss"]
[EventRounds "5"]
[EventCountry "CAN"]
[SourceTitle "EXT 2022"]
[Source "ChessBase"]
[SourceDate "2021.10.06"]
[SourceVersion "1"]
[SourceVersionDate "2021.10.06"]
[SourceQuality "1"]

1. Nc3 c5 2. e4 e6 3. g3 d5 4. Bg2 Nf6 5. d3 Nc6 6. Nge2 Be7 7. O-O O-O 8. h3 d4 9. Nb1 e5 10. a4 a6 11. f4 Rb8 12. Nd2 b5 13. axb5 axb5 14. Kh1 Nd7 15. Nf3 c4 16. dxc4 bxc4 17. fxe5 d3 18. cxd3 cxd3 19. Qxd3 Ndxe5 20. Nxe5 Nxe5 21. Qc3 Nd3 22. Be3 Rxb2 23. Nd4 Qd7 24. g4 Bc5 25. Nf5 f6 26. Bxc5 Rd8 27. Nd6 Qb7 28. Qc4+ Kh8 29. Ba3 Nf2+ 1/2-1/2

[Event "Guelph Summer Pro-Am"]
[Site "Guelph CAN"]
[Date "2012.06.23"]
[Round "2"]
[White "Luo, Zhao Yang"]
[Black "Knox, Christopher"]
[Result "1-0"]
[WhiteElo "1991"]
[BlackElo "2056"]
[PlyCount "65"]
[GameId "2160767909509085"]
[EventDate "2012.06.22"]
[EventType "swiss"]
[EventRounds "5"]
[EventCountry "CAN"]
[SourceTitle "EXT 2022"]
[Source "ChessBase"]
[SourceDate "2021.10.06"]
[SourceVersion "1"]
[SourceVersionDate "2021.10.06"]
[SourceQuality "1"]

1. d4 Nf6 2. Nf3 e6 3. e3 b6 4. Bd3 Bb7 5. O-O Be7 6. b3 O-O 7. Bb2 Ne4 8. Nbd2 f5 9. Qe2 d6 10. Rfd1 Nd7 11. c4 Qe8 12. Nf1 Qg6 13. Rac1 Rae8 14. Bb1 a5 15. N1d2 Ndc5 16. Ba3 Bc8 17. Bxc5 bxc5 18. Nf1 h5 19. Ng3 Nxg3 20. hxg3 e5 21. Nd2 Be6 22. Nf1 Bd7 23. Qd2 Ra8 24. Bc2 e4 25. Qe1 Rfe8 26. Nd2 Kf7 27. Qf1 Rh8 28. Qe2 h4 29. g4 h3 30. g3 Kf6 31. Kh2 Qxg4 32. Qxg4 fxg4 33. Nxe4+ 1-0

[Event "Guelph Summer Pro-Am"]
[Site "Guelph CAN"]
[Date "2012.06.23"]
[Round "2"]
[White "Noritsyn, Nikolay"]
[Black "Zhang, Yuanchen"]
[Result "1-0"]
[WhiteElo "2661"]
[BlackElo "2005"]
[PlyCount "57"]
[GameId "2160767909509086"]
[EventDate "2012.06.22"]
[EventType "swiss"]
[EventRounds "5"]
[EventCountry "CAN"]
[SourceTitle "EXT 2022"]
[Source "ChessBase"]
[SourceDate "2021.10.06"]
[SourceVersion "1"]
[SourceVersionDate "2021.10.06"]
[SourceQuality "1"]

1. b3 e5 2. Bb2 Nc6 3. e3 Nf6 4. Nf3 Bd6 5. d4 exd4 6. exd4 O-O 7. Be2 Qe7 8. O-O Bb4 9. a3 Bd6 10. c4 Bf4 11. g3 Bh6 12. d5 Nb8 13. Re1 d6 14. Nc3 Re8 15. Qd4 Bg4 16. Nh4 c5 17. Qd1 Nbd7 18. Bxg4 Qxe1+ 19. Qxe1 Rxe1+ 20. Rxe1 Nxg4 21. Nb5 Nde5 22. Bxe5 dxe5 23. h3 Nf6 24. Rxe5 a6 25. Nd6 b5 26. Re7 bxc4 27. bxc4 Rb8 28. Nhf5 Rf8 29. f4 1-0

[Event "Guelph Summer Pro-Am"]
[Site "Guelph CAN"]
[Date "2012.06.23"]
[Round "2"]
[White "Peng, Jackie"]
[Black "Song, Guannan Terry"]
[Result "1-0"]
[WhiteElo "2085"]
[BlackElo "1983"]
[PlyCount "63"]
[GameId "2160767909509087"]
[EventDate "2012.06.22"]
[EventType "swiss"]
[EventRounds "5"]
[EventCountry "CAN"]
[SourceTitle "EXT 2022"]
[Source "ChessBase"]
[SourceDate "2021.10.06"]
[SourceVersion "1"]
[SourceVersionDate "2021.10.06"]
[SourceQuality "1"]

1. e4 c5 2. Nf3 d6 3. d4 cxd4 4. Nxd4 Nf6 5. Nc3 a6 6. Bg5 e5 7. Nf3 Be6 8. Be2 Be7 9. O-O O-O 10. Qd2 Nbd7 11. Rfd1 b5 12. a3 Rc8 13. h3 Qc7 14. Rac1 Rfd8 15. Nh2 Nb6 16. Bxf6 Bxf6 17. Ng4 d5 18. Nxf6+ gxf6 19. Qh6 Qe7 20. exd5 Bxd5 21. Bg4 Be6 22. Ne4 Rxd1+ 23. Rxd1 Nd7 24. Rxd7 Bxd7 25. Nxf6+ Qxf6 26. Qxf6 Bxg4 27. hxg4 Rxc2 28. Qxe5 Kf8 29. f4 Rc4 30. f5 Rxg4 31. f6 h6 32. Qb8# 1-0

[Event "Guelph Summer Pro-Am"]
[Site "Guelph CAN"]
[Date "2012.06.23"]
[Round "2"]
[White "Plotkin, Victor"]
[Black "Luo, Zhao Yang"]
[Result "1-0"]
[WhiteElo "2411"]
[BlackElo "1991"]
[PlyCount "155"]
[GameId "2160767909509088"]
[EventDate "2012.06.22"]
[EventType "swiss"]
[EventRounds "5"]
[EventCountry "CAN"]
[SourceTitle "EXT 2022"]
[Source "ChessBase"]
[SourceDate "2021.10.06"]
[SourceVersion "1"]
[SourceVersionDate "2021.10.06"]
[SourceQuality "1"]

1. e4 c6 2. d4 d5 3. Nc3 dxe4 4. Nxe4 Bf5 5. Ng3 Bg6 6. Nf3 Nd7 7. Bc4 Ngf6 8. O-O e6 9. Re1 Be7 10. Ne2 O-O 11. Nf4 Nd5 12. Nxg6 hxg6 13. Bb3 Bf6 14. c4 Ne7 15. Be3 c5 16. Qe2 Nf5 17. Rad1 Qe7 18. Bc2 cxd4 19. Nxd4 Nxe3 20. Qxe3 Rac8 21. b3 a6 22. Qh3 Rfd8 23. Ne2 Ne5 24. Nf4 b5 25. Nd3 Nd7 26. Qg4 Qa3 27. Bb1 bxc4 28. bxc4 Qa4 29. Rc1 Nc5 30. Nf4 Rd4 31. Qf3 Bg5 32. Ne2 Rxc4 33. Rxc4 Qxc4 34. g3 Rd8 35. h4 Qb4 36. Qc3 Qxc3 37. Nxc3 Bd2 38. Rd1 Nb7 39. Ne4 Bb4 40. Rxd8+ Nxd8 41. Kf1 Kf8 42. Ke2 Nb7 43. Kd3 Ke7 44. Bc2 a5 45. Ng5 Nd6 46. Nf3 Nb5 47. Ne5 Be1 48. Ke3 Nc7 49. Nc4 Nd5+ 50. Ke2 Bc3 51. Bb3 Kd7 52. Kd3 Kc6 53. Ne3 Bf6 54. Ba4+ Kc5 55. Nxd5 exd5 56. Be8 Bd4 57. Ke2 f6 58. Bxg6 Bc3 59. Bf7 Kd4 60. f4 Bb4 61. h5 Ke4 62. Bg6+ f5 63. Be8 Bc5 64. Ba4 Kd4 65. Bc2 Kc3 66. Bxf5 Kb2 67. Be6 Kxa2 68. Bxd5+ Kb2 69. Kd3 a4 70. g4 a3 71. Ke4 a2 72. Bxa2 Kxa2 73. Kf5 Kb3 74. Kg6 Bd4 75. f5 Kc4 76. f6 gxf6 77. h6 Kd5 78. Kf5 1-0

[Event "Guelph Summer Pro-Am"]
[Site "Guelph CAN"]
[Date "2012.06.23"]
[Round "2"]
[White "Preotu, Razvan"]
[Black "Gerzhoy, Leonid"]
[Result "1/2-1/2"]
[WhiteElo "2262"]
[BlackElo "2592"]
[PlyCount "45"]
[GameId "2160767909509089"]
[EventDate "2012.06.22"]
[EventType "swiss"]
[EventRounds "5"]
[EventCountry "CAN"]
[SourceTitle "EXT 2022"]
[Source "ChessBase"]
[SourceDate "2021.10.06"]
[SourceVersion "1"]
[SourceVersionDate "2021.10.06"]
[SourceQuality "1"]

1. e4 c5 2. Nf3 d6 3. d4 cxd4 4. Nxd4 Nf6 5. Nc3 e6 6. Be3 a6 7. f3 b5 8. Qd2 Bb7 9. O-O-O Nbd7 10. g4 Nb6 11. Qf2 Nc4 12. Bd3 Rc8 13. Nce2 Nd7 14. h4 Nde5 15. Kb1 Nxd3 16. cxd3 e5 17. Nb3 d5 18. a4 dxe4 19. dxe4 Qe7 20. Rc1 Nb6 21. Rxc8+ Bxc8 22. Bd2 Bxg4 23. Nf4 1/2-1/2

[Event "Guelph Summer Pro-Am"]
[Site "Guelph CAN"]
[Date "2012.06.23"]
[Round "2"]
[White "Samsonkin, Artiom"]
[Black "Song, Michael"]
[Result "1/2-1/2"]
[WhiteElo "2550"]
[BlackElo "2277"]
[PlyCount "108"]
[GameId "2160767909509090"]
[EventDate "2012.06.22"]
[EventType "swiss"]
[EventRounds "5"]
[EventCountry "CAN"]
[SourceTitle "EXT 2022"]
[Source "ChessBase"]
[SourceDate "2021.10.06"]
[SourceVersion "1"]
[SourceVersionDate "2021.10.06"]
[SourceQuality "1"]

1. e4 c5 2. Nf3 Nc6 3. Nc3 Nf6 4. d4 cxd4 5. Nxd4 e5 6. Ndb5 d6 7. Nd5 Nxd5 8. exd5 Nb8 9. a4 Be7 10. Be2 O-O 11. O-O Nd7 12. f4 a6 13. Na3 f5 14. Nc4 Bf6 15. a5 Qc7 16. Kh1 g6 17. Ra3 b5 18. axb6 Nxb6 19. Na5 Qf7 20. fxe5 Bxe5 21. Nc6 Bf6 22. c4 Nd7 23. b4 Re8 24. Bf4 Qf8 25. Qd2 Bb7 26. Na5 Bc8 27. Nb3 Qe7 28. Ra2 g5 29. Bg3 f4 30. Bf2 Ne5 31. Nd4 Ng4 32. Bxg4 Bxg4 33. h3 Bd7 34. Re1 Qf7 35. Rxe8+ Qxe8 36. Qe2 Qg6 37. Ne6 Be5 38. Qc2 Qxc2 39. Rxc2 Bxe6 40. dxe6 Kf8 41. Ra2 Rc8 42. b5 axb5 43. cxb5 Rc1+ 44. Kh2 Rb1 45. Ra7 f3+ 46. g3 Rxb5 47. Rxh7 Rb2 48. Rf7+ Ke8 49. Rxf3 Bd4 50. Kg1 Rxf2 51. Rxf2 Ke7 52. h4 gxh4 53. gxh4 Kxe6 54. Kg2 Bxf2 1/2-1/2

[Event "Guelph Summer Pro-Am"]
[Site "Guelph CAN"]
[Date "2012.06.23"]
[Round "3"]
[White "Calugar, Arthur"]
[Black "Gerzhoy, Leonid"]
[Result "0-1"]
[WhiteElo "2399"]
[BlackElo "2592"]
[PlyCount "62"]
[GameId "2160767909509091"]
[EventDate "2012.06.22"]
[EventType "swiss"]
[EventRounds "5"]
[EventCountry "CAN"]
[SourceTitle "EXT 2022"]
[Source "ChessBase"]
[SourceDate "2021.10.06"]
[SourceVersion "1"]
[SourceVersionDate "2021.10.06"]
[SourceQuality "1"]

1. d4 d5 2. c4 c6 3. Nf3 Nf6 4. Nc3 a6 5. Qb3 dxc4 6. Qxc4 b5 7. Qd3 e6 8. e4 c5 9. dxc5 Qxd3 10. Bxd3 Bxc5 11. e5 Nfd7 12. Be4 Ra7 13. O-O Rc7 14. Bf4 Nc6 15. Rac1 Bb7 16. Rfd1 O-O 17. Bb1 Rfc8 18. Ne4 Nb4 19. Nxc5 Nxc5 20. Re1 Nd5 21. Bd2 Na4 22. Nd4 Rc4 23. f3 h6 24. Kf2 Kf8 25. a3 Nab6 26. Ba2 Rc2 27. Bb3 Rxc1 28. Rxc1 Nc4 29. Bb4+ Nxb4 30. axb4 Bd5 31. Bxc4 bxc4 0-1

[Event "Guelph Summer Pro-Am"]
[Site "Guelph CAN"]
[Date "2012.06.23"]
[Round "3"]
[White "Khayutin, Constantine"]
[Black "Ivanov, Mike"]
[Result "0-1"]
[WhiteElo "1943"]
[BlackElo "2236"]
[PlyCount "59"]
[GameId "2160767909509092"]
[EventDate "2012.06.22"]
[EventType "swiss"]
[EventRounds "5"]
[EventCountry "CAN"]
[SourceTitle "EXT 2022"]
[Source "ChessBase"]
[SourceDate "2021.10.06"]
[SourceVersion "1"]
[SourceVersionDate "2021.10.06"]
[SourceQuality "1"]

1. Nf3 Nf6 2. g3 g6 3. Bg2 Bg7 4. O-O O-O 5. c4 d6 6. Nc3 Nc6 7. d4 Bg4 8. h3 Bxf3 9. Bxf3 Nd7 10. Be3 e5 11. d5 Ne7 12. Qc1 Nf5 13. Bg5 f6 14. Bd2 a5 15. Ne4 Nd4 16. Kg2 f5 17. Bg5 Qe8 18. Bg4 fxe4 19. Bh6 Nc5 20. h4 Qe7 21. h5 Bxh6 22. Qxh6 g5 23. e3 Nf3 24. Be6+ Kh8 25. Rh1 Rf6 26. Qg6 hxg6 27. hxg6+ Nh4+ 28. Rxh4+ gxh4 29. Rh1 Nxe6 30. Rxh4+ 0-1

[Event "Guelph Summer Pro-Am"]
[Site "Guelph CAN"]
[Date "2012.06.23"]
[Round "3"]
[White "Luo, Zhao Yang"]
[Black "Dougherty, Michael"]
[Result "0-1"]
[WhiteElo "1991"]
[BlackElo "2293"]
[PlyCount "40"]
[GameId "2160767909509093"]
[EventDate "2012.06.22"]
[EventType "swiss"]
[EventRounds "5"]
[EventCountry "CAN"]
[SourceTitle "EXT 2022"]
[Source "ChessBase"]
[SourceDate "2021.10.06"]
[SourceVersion "1"]
[SourceVersionDate "2021.10.06"]
[SourceQuality "1"]

1. d4 g6 2. Nf3 Bg7 3. Bg5 c5 4. c3 Qb6 5. Qd2 Nf6 6. dxc5 Qxc5 7. Qc2 d5 8. Nbd2 Nc6 9. e3 e5 10. Be2 O-O 11. O-O Bf5 12. Qb3 Be6 13. Qb5 Nd7 14. Rfd1 h6 15. Bh4 f5 16. h3 f4 17. exf4 exf4 18. Nd4 Bxd4 19. cxd4 Qxb5 20. Bxb5 g5 0-1

[Event "Guelph Summer Pro-Am"]
[Site "Guelph CAN"]
[Date "2012.06.23"]
[Round "3"]
[White "Ochkoos, Jura"]
[Black "Itkin, David"]
[Result "1-0"]
[WhiteElo "2314"]
[BlackElo "2212"]
[PlyCount "86"]
[GameId "2160767909509094"]
[EventDate "2012.06.22"]
[EventType "swiss"]
[EventRounds "5"]
[EventCountry "CAN"]
[SourceTitle "EXT 2022"]
[Source "ChessBase"]
[SourceDate "2021.10.06"]
[SourceVersion "1"]
[SourceVersionDate "2021.10.06"]
[SourceQuality "1"]

1. e4 c5 2. Nf3 d6 3. d4 cxd4 4. Nxd4 Nf6 5. Nc3 Nc6 6. Bg5 e6 7. Qd2 a6 8. f3 h6 9. Be3 Bd7 10. O-O-O b5 11. Nxc6 Bxc6 12. Ne2 Qc7 13. Nd4 Bb7 14. Bd3 d5 15. e5 Nd7 16. f4 Nc5 17. Kb1 Rc8 18. g4 Be7 19. Qf2 b4 20. Rde1 Ne4 21. Qg2 Bc5 22. Rhf1 Qb6 23. Qg1 Nd2+ 24. Bxd2 Bxd4 25. Be3 Bxe3 26. Rxe3 d4 27. Re2 Bd5 28. f5 Rc3 29. Rf4 b3 30. Qxd4 bxa2+ 31. Kc1 Rc5 32. b4 Rc6 33. Qxb6 Rxb6 34. Ref2 O-O 35. c4 Ba8 36. c5 Rbb8 37. Kd2 Bd5 38. Kc3 Rfd8 39. Bxa6 Re8 40. b5 Bb7 41. Ra4 Bd5 42. Re4 Kf8 43. Rc2 Ke7 1-0

[Event "Guelph Summer Pro-Am"]
[Site "Guelph CAN"]
[Date "2012.06.23"]
[Round "3"]
[White "Plotkin, Mark"]
[Black "Peng, Jackie"]
[Result "0-1"]
[WhiteElo "2011"]
[BlackElo "2085"]
[PlyCount "68"]
[GameId "2160767909509095"]
[EventDate "2012.06.22"]
[EventType "swiss"]
[EventRounds "5"]
[EventCountry "CAN"]
[SourceTitle "EXT 2022"]
[Source "ChessBase"]
[SourceDate "2021.10.06"]
[SourceVersion "1"]
[SourceVersionDate "2021.10.06"]
[SourceQuality "1"]

1. e4 c5 2. Nf3 d6 3. d4 cxd4 4. Nxd4 Nf6 5. Nc3 g6 6. h3 Bg7 7. g4 Nc6 8. Bg2 O-O 9. Be3 Bd7 10. f4 Qb6 11. Qd2 Nxg4 12. Na4 Qb4 13. Nxc6 Qxd2+ 14. Bxd2 Bxc6 15. hxg4 Bxa4 16. O-O-O Rac8 17. b3 Bd7 18. f5 Rc7 19. Kb1 Rfc8 20. Rc1 Bc3 21. Be3 b5 22. Rh2 Be5 23. Rh4 Rc3 24. Rh3 a5 25. Bf1 a4 26. Bd3 axb3 27. axb3 Ra8 28. Rch1 b4 29. Rxh7 Ra1+ 30. Kxa1 Rxb3+ 31. c3 Bxc3+ 32. Ka2 Ra3+ 33. Kb1 Ra1+ 34. Kc2 Ba4# 0-1

[Event "Guelph Summer Pro-Am"]
[Site "Guelph CAN"]
[Date "2012.06.23"]
[Round "3"]
[White "Plotkin, Victor"]
[Black "Samsonkin, Artiom"]
[Result "0-1"]
[WhiteElo "2411"]
[BlackElo "2550"]
[PlyCount "40"]
[GameId "2160767909509096"]
[EventDate "2012.06.22"]
[EventType "swiss"]
[EventRounds "5"]
[EventCountry "CAN"]
[SourceTitle "EXT 2022"]
[Source "ChessBase"]
[SourceDate "2021.10.06"]
[SourceVersion "1"]
[SourceVersionDate "2021.10.06"]
[SourceQuality "1"]

1. e4 d5 2. exd5 Qxd5 3. Nc3 Qa5 4. d4 Nf6 5. Nf3 Nc6 6. Be2 Bg4 7. h3 Bh5 8. g4 Bg6 9. Ne5 Nxe5 10. dxe5 Nd7 11. f4 e6 12. Bd2 Be7 13. O-O O-O-O 14. a3 h5 15. Kg2 hxg4 16. hxg4 Rh4 17. Rh1 Rxh1 18. Kxh1 Nxe5 19. fxe5 Qxe5 20. Bf3 Qg3 0-1

[Event "Guelph Summer Pro-Am"]
[Site "Guelph CAN"]
[Date "2012.06.23"]
[Round "3"]
[White "Plotkin, Victor"]
[Black "Song, Michael"]
[Result "1/2-1/2"]
[WhiteElo "2411"]
[BlackElo "2277"]
[PlyCount "54"]
[GameId "2160767909509097"]
[EventDate "2012.06.22"]
[EventType "swiss"]
[EventRounds "5"]
[EventCountry "CAN"]
[SourceTitle "EXT 2022"]
[Source "ChessBase"]
[SourceDate "2021.10.06"]
[SourceVersion "1"]
[SourceVersionDate "2021.10.06"]
[SourceQuality "1"]

1. e4 c5 2. c3 Nf6 3. e5 Nd5 4. d4 cxd4 5. Nf3 Nc6 6. Bc4 Nb6 7. Bb3 d5 8. exd6 Qxd6 9. Nxd4 e5 10. Nxc6 Qxd1+ 11. Bxd1 bxc6 12. O-O Bd6 13. Nd2 Bd7 14. Bb3 f6 15. Ne4 Be7 16. Rd1 O-O-O 17. Be3 Bf5 18. f3 Kb8 19. Bf2 Nd5 20. g3 g5 21. Nc5 g4 22. fxg4 Bxg4 23. Rd2 h5 24. Na6+ Kb7 25. Nc5+ Kb8 26. Na6+ Kb7 27. Nc5+ Kb8 1/2-1/2

[Event "Guelph Summer Pro-Am"]
[Site "Guelph CAN"]
[Date "2012.06.23"]
[Round "3"]
[White "Sambuev, Bator"]
[Black "Preotu, Razvan"]
[Result "1-0"]
[WhiteElo "2700"]
[BlackElo "2262"]
[PlyCount "65"]
[GameId "2160767909509098"]
[EventDate "2012.06.22"]
[EventType "swiss"]
[EventRounds "5"]
[EventCountry "CAN"]
[SourceTitle "EXT 2022"]
[Source "ChessBase"]
[SourceDate "2021.10.06"]
[SourceVersion "1"]
[SourceVersionDate "2021.10.06"]
[SourceQuality "1"]

1. e4 c5 2. Nf3 Nc6 3. Bb5 g6 4. O-O Bg7 5. c3 Nf6 6. d4 cxd4 7. cxd4 Nxe4 8. d5 Nd6 9. a4 Ne5 10. Nxe5 Bxe5 11. Re1 Bf6 12. Bf4 Nxb5 13. axb5 d6 14. Bh6 Bf5 15. Nc3 Qd7 16. Qf3 Kd8 17. h3 g5 18. g4 Bg6 19. Qe3 b6 20. Bxg5 Bxg5 21. Qxg5 h6 22. Qe3 Rc8 23. Ra4 Rc7 24. Rea1 Ke8 25. Ne2 h5 26. f3 hxg4 27. hxg4 Qxb5 28. Rxa7 Qxb2 29. R1a2 Qf6 30. Ra8+ Kd7 31. Qxb6 Bd3 32. R2a7 Rh1+ 33. Kg2 1-0

[Event "Guelph Summer Pro-Am"]
[Site "Guelph CAN"]
[Date "2012.06.23"]
[Round "3"]
[White "Song, Michael"]
[Black "Noritsyn, Nikolay"]
[Result "1/2-1/2"]
[WhiteElo "2277"]
[BlackElo "2661"]
[PlyCount "63"]
[GameId "2160767909509099"]
[EventDate "2012.06.22"]
[EventType "swiss"]
[EventRounds "5"]
[EventCountry "CAN"]
[SourceTitle "EXT 2022"]
[Source "ChessBase"]
[SourceDate "2021.10.06"]
[SourceVersion "1"]
[SourceVersionDate "2021.10.06"]
[SourceQuality "1"]

1. Nf3 d6 2. g3 e5 3. Bg2 f5 4. d4 e4 5. Ng5 Be7 6. Nh3 d5 7. O-O Nf6 8. c4 dxc4 9. Nc3 O-O 10. f3 exf3 11. Bxf3 Nc6 12. e3 Nb4 13. a3 Nbd5 14. Qe2 Be6 15. Ng5 Nxc3 16. bxc3 Bd5 17. e4 fxe4 18. Nxe4 Re8 19. Nxf6+ Bxf6 20. Qxe8+ Qxe8 21. Bxd5+ Kh8 22. Bf4 c6 23. Bxc4 Qe4 24. Rac1 Re8 25. Rf2 Qg6 26. Rcf1 b5 27. Bb3 h5 28. Bc2 Qf7 29. Be5 Rf8 30. Bd6 Re8 31. Be5 Rf8 32. Bd6 1/2-1/2

[Event "Guelph Summer Pro-Am"]
[Site "Guelph CAN"]
[Date "2012.06.23"]
[Round "4"]
[White "Dougherty, Michael"]
[Black "Song, Michael"]
[Result "0-1"]
[WhiteElo "2293"]
[BlackElo "2277"]
[PlyCount "68"]
[GameId "2160767909509100"]
[EventDate "2012.06.22"]
[EventType "swiss"]
[EventRounds "5"]
[EventCountry "CAN"]
[SourceTitle "EXT 2022"]
[Source "ChessBase"]
[SourceDate "2021.10.06"]
[SourceVersion "1"]
[SourceVersionDate "2021.10.06"]
[SourceQuality "1"]

1. d4 d6 2. c4 e5 3. dxe5 dxe5 4. Qxd8+ Kxd8 5. Nc3 c6 6. b3 f6 7. g3 Nd7 8. f4 Bb4 9. Bd2 exf4 10. gxf4 Nh6 11. Bh3 a5 12. O-O-O Kc7 13. Ne4 Nc5 14. Nxc5 Ba3+ 15. Kc2 Bxc5 16. Bxc8 Rhxc8 17. e4 Ng4 18. Nh3 Rd8 19. a4 b6 20. Rde1 Rd7 21. f5 Rad8 22. Bf4+ Kc8 23. Rd1 Bd4 24. Rd3 Re8 25. Re1 c5 26. Rd2 g6 27. Rde2 g5 28. Bg3 Rde7 29. Bd6 Rg7 30. Bg3 h5 31. Nf2 Bxf2 32. Bxf2 Rge7 33. Bg3 h4 34. h3 Nh6 0-1

[Event "Guelph Summer Pro-Am"]
[Site "Guelph CAN"]
[Date "2012.06.24"]
[Round "4"]
[White "Ivanov, Mike"]
[Black "Plotkin, Victor"]
[Result "0-1"]
[WhiteElo "2236"]
[BlackElo "2411"]
[PlyCount "124"]
[GameId "2160767909509101"]
[EventDate "2012.06.22"]
[EventType "swiss"]
[EventRounds "5"]
[EventCountry "CAN"]
[SourceTitle "EXT 2022"]
[Source "ChessBase"]
[SourceDate "2021.10.06"]
[SourceVersion "1"]
[SourceVersionDate "2021.10.06"]
[SourceQuality "1"]

1. Nf3 Nf6 2. b3 d5 3. Bb2 c5 4. e3 a6 5. d4 cxd4 6. exd4 Nc6 7. Ne5 Nxe5 8. dxe5 Ne4 9. Nd2 Qa5 10. Bd3 Bf5 11. a3 Nxd2 12. b4 Qb6 13. Qxd2 Bxd3 14. Qxd3 Qb5 15. e6 Qxd3 16. cxd3 Rc8 17. Kd2 fxe6 18. Rac1 Rc6 19. a4 Rg8 20. b5 axb5 21. axb5 Rb6 22. Rc5 g6 23. Be5 Bh6+ 24. Ke2 Kd7 25. Rc7+ Ke8 26. Rc5 Kd7 27. Bc7 Rxb5 28. Rxb5 Kxc7 29. Rhb1 Rb8 30. Rb6 Bf4 31. d4 Bd6 32. R6b5 b6 33. g3 Kc6 34. f4 Bc7 35. Kf3 h5 36. R5b3 b5 37. Re1 Kd7 38. Reb1 Kc6 39. Re1 b4 40. Rxe6+ Bd6 41. Ke3 Kb5 42. Kd3 Rc8 43. Re1 Ka4 44. Rb2 Rc3+ 45. Kd2 Kb5 46. Re3 Kc4 47. Re6 Rd3+ 48. Kc1 b3 49. Rxg6 Ba3 50. Rc6+ Kxd4 51. Ra6 Bxb2+ 52. Kxb2 Rd2+ 53. Kxb3 Rxh2 54. Re6 Rg2 55. Rxe7 Rxg3+ 56. Kc2 Rg2+ 57. Kd1 h4 58. Rh7 Rh2 59. f5 Ke5 60. Rh5 Kf6 61. Ke1 d4 62. Kf1 d3 0-1

[Event "Guelph Summer Pro-Am"]
[Site "Guelph CAN"]
[Date "2012.06.24"]
[Round "4"]
[White "Khayutin, Constantine"]
[Black "Knox, Christopher"]
[Result "1/2-1/2"]
[WhiteElo "1943"]
[BlackElo "2056"]
[PlyCount "110"]
[GameId "2160767909509102"]
[EventDate "2012.06.22"]
[EventType "swiss"]
[EventRounds "5"]
[EventCountry "CAN"]
[SourceTitle "EXT 2022"]
[Source "ChessBase"]
[SourceDate "2021.10.06"]
[SourceVersion "1"]
[SourceVersionDate "2021.10.06"]
[SourceQuality "1"]

1. d4 Nf6 2. c4 e6 3. g3 d5 4. Nf3 Bb4+ 5. Bd2 Be7 6. Bg2 Nbd7 7. O-O Ne4 8. Qc2 c5 9. dxc5 Bxc5 10. cxd5 exd5 11. Nc3 Ndf6 12. Nxe4 Nxe4 13. Ne5 O-O 14. Rac1 Re8 15. Bxe4 dxe4 16. Rfd1 Bxf2+ 17. Kxf2 Qd4+ 18. Kg2 Qxe5 19. Bf4 Qh5 20. Rd4 Bh3+ 21. Kf2 Bf5 22. Kg1 Rac8 23. Rc4 h6 24. Be3 b6 25. Qd2 Rcd8 26. Qe1 Bg4 27. R4c2 Qd5 28. a3 Qb3 29. Qc3 Qxc3 30. bxc3 Rd5 31. Bd4 e3 32. Rf1 Ra5 33. Ra1 Be6 34. Rb2 Bc4 35. Kg2 h5 36. h4 Re4 37. Kg1 g5 38. Bf6 gxh4 39. Bxh4 Rd5 40. Rab1 Rd2 41. Bg5 Ba2 42. Rxd2 exd2 43. Rd1 Bc4 44. Rxd2 Bxe2 45. Kf2 Bg4 46. Bf6 Kh7 47. Bd4 Kg6 48. c4 a6 49. Bxb6 Rxc4 50. Ba5 Kf5 51. Bb4 Ke4 52. Rd6 Rc2+ 53. Rd2 Rc4 54. Rd6 Bc8 55. Rd2 Bg4 1/2-1/2